Obra completa / (Record no. 10629)

MARC details
000 -LEADER
campo de control de longitud fija 01104nam a22003015i 4500
001 - NÚMERO DE CONTROL
campo de control 10629
003 - IDENTIFICADOR DE NÚMERO DE CONTROL
campo de control ES-MaACL
005 - FECHA Y HORA DE LA ÚLTIMA TRANSACCIÓN
campo de control 20250822055648.0
007 - CAMPO FIJO DE DESCRIPCIÓN FÍSICA--INFORMACIÓN GENERAL
campo de control de longitud fija t|
008 - DATOS DE LONGITUD FIJA--INFORMACIÓN GENERAL
campo de control de longitud fija 920512s1993 sp ||||0| spa j
020 ## - NÚMERO INTERNACIONAL ESTÁNDAR DEL LIBRO
Número Internacional Estándar del Libro 84-239-3836-0
040 ## - FUENTE DE CATALOGACIÓN
Centro catalogador/agencia de origen M-BN
Lengua de catalogación spa
Centro/agencia transcriptor M-BN
080 ## - NÚMERO DE LA CLASIFICACIÓN DECIMAL UNIVERSAL
Número de la Clasificación Decimal Universal 860-82"19"
100 1# - ENTRADA PRINCIPAL--NOMBRE DE PERSONA
Nombre de persona Hernández, Miguel,
Fechas asociadas al nombre 1910-1942
9 (RLIN) 62844
245 10 - MENCIÓN DEL TÍTULO
Título Obra completa /
Mención de responsabilidad, etc. Miguel Hernández ; edición crítica de Agustín Sánchez Vidal y José Carlos Rovira, con la colaboración de Carmen Alemany.
250 ## - MENCION DE EDICION
Mención de edición 2ª ed.
260 ## - PUBLICACIÓN, DISTRIBUCIÓN, ETC.
Lugar de publicación, distribución, etc. Madrid :
Nombre del editor, distribuidor, etc. Espasa-Calpe,
Fecha de publicación, distribución, etc. 1993.
300 ## - DESCRIPCIÓN FÍSICA
Extensión 2 v. (2793 p.) :
Otras características físicas il ;
Dimensiones 22 cm.
490 1# - MENCIÓN DE SERIE
Mención de serie Clásicos castellanos. Nueva serie
504 ## - NOTA DE BIBLIOGRAFÍA, ETC.
Nota de bibliografía, etc. Bibliografía: v. 2, p. [2763]-2793.
505 8# - NOTA DE CONTENIDO CON FORMATO
Nota de contenido con formato 1. Poesía 2. Teatro, prosas, correspondencia
700 1# - ENTRADA AGREGADA--NOMBRE PERSONAL
Nombre de persona Sánchez Vidal, Agustín.
9 (RLIN) 102983
700 0# - ENTRADA AGREGADA--NOMBRE PERSONAL
Nombre de persona Rovira, José Carlos,
Fechas asociadas al nombre 1949-
9 (RLIN) 100129
700 1# - ENTRADA AGREGADA--NOMBRE PERSONAL
Nombre de persona Alemany Bay, Carmen.
9 (RLIN) 19731
830 00 - PUNTO DE ACCESO ADICIONAL DE SERIE-TÍTULO UNIFORME
Título uniforme Clásicos castellanos.
Nombre de parte o sección de la obra Nueva serie (Espasa-Calpe)
9 (RLIN) 178821
852 ## - LOCALIZACIÓN
Ubicación ES-MaACL
Número de control de estantería L-18019-20
Sublocalización o colección R.123012
Holdings
Estatus retirado Estado de pérdida Estado de daño No para préstamo Biblioteca de origen Biblioteca actual Ubicación en estantería Fecha de adquisición Fuente de adquisición Total de préstamos Signatura topográfica completa Código de barras Visto por última vez Precio de reemplazo Tipo de ítem Koha
        Biblioteca del Ateneo de Madrid Biblioteca del Ateneo de Madrid Depósito 2 17/01/2008     L-18019-20 1010841 23/02/2023 23/02/2023 Libro impreso